000 00286nam a22001217a 4500
008 170920b xxu||||| |||| 00| 0 eng d
041 _aeng
080 _a7
100 _a44
101 _aART
245 _aTWO WORLDS OF ANDREW WYETH: KUERNERS AND OLSONS
_cLEVINE, J.E
942 _2udc
_cBK
999 _c28412
_d28412